[Event "CRO-chT"]
[Site "Makarska"]
[Date "1994.??.??"]
[Round "6"]
[White "Lisenko, Alexander V"]
[Black "Galic, Kruno"]
[Result "1/2-1/2"]
[WhiteElo "2415"]
[BlackElo "2200"]

1.c4 e6 2.Nf3 d5 3.b3 Nf6 4.Bb2 c5 5.e3 Nc6 6.cxd5 exd5 7.Be2 d4 8.Bb5 Bd7
9.exd4 cxd4 10.Qe2+ Be7 11.Nxd4 Nxd4 12.Bxd4 O-O 13.Bxd7 Qxd7 14.Be3 Ne4
15.O-O Bf6 16.d4 Rac8 17.Qb2 Rc5 18.Nd2 Ng5 19.Rac1 Rd5 20.Qc3 Bxd4 21.Bxd4 Rxd4
22.Nf3 Nxf3+ 23.Qxf3 Rd2 24.Rfd1 Rd8 25.Rxd2 Qxd2 26.Rf1 b6 27.a4 g6 28.h3 h5
29.Qe4 Qd3 30.Qxd3 Rxd3 31.Rb1 Rd4 32.Rc1 Rb4 33.Rc3 a5 34.Kf1 Kg7 35.Ke2  1/2-1/2

[Event "Mar del Plata op"]
[Site "Mar del Plata"]
[Date "1994.??.??"]
[Round "3"]
[White "Paz, Victor Jorge"]
[Black "Fernandez, R."]
[Result "1-0"]
[WhiteElo "2240"]
[BlackElo "2355"]

1.c4 e6 2.Nf3 d5 3.g3 Nf6 4.Bg2 Be7 5.O-O O-O 6.b3 c5 7.Bb2 d4 8.b4 Qb6 9.Qb3 Rd8
10.bxc5 Qxc5 11.Bxd4 Rxd4 12.Nxd4 Qxd4 13.Bxb7 Bxb7 14.Qxb7 Qe4 15.Qxe7 Nc6
16.Qc5 Nd4 17.Nc3 Nxe2+ 18.Nxe2 Qxe2 19.Rab1 h5 20.Qd6 Qxc4 21.Rb8+ Rxb8
22.Qxb8+ Kh7 23.Qxa7 h4 24.Qb8 Qxa2 25.Qb1+ Qxb1 26.Rxb1 hxg3 27.hxg3 g5
28.Kf1 Kg6 29.Ke2 g4 30.Rb4 Kg5 31.Rb5+ Kg6 32.Ke3 Nd7 33.Rb7 Ne5 34.Rc7 f5
35.d4 Nf3 36.Rc6 Kf7 37.Rc7+ Kf6 38.Rc6 Ke7 39.Ra6 Ne1 40.Rc6 Kd7 41.Rb6 Nc2+
42.Kd3 Ne1+ 43.Kc4 Nf3 44.Kc5 Ke7 45.d5 exd5 46.Kxd5 Kf7 47.Ra6 Ke7 48.Kc4 Ng5
49.Kd4 Nh3 50.Ke5 f4 51.Ra7+ Kf8 52.Kf5 Nxf2 53.Kxf4 Kg8 54.Rd7 Kf8 55.Rd2 Nh3+
56.Kxg4  1-0

[Event "Marbach"]
[Site "Marbach"]
[Date "1994.??.??"]
[Round "?"]
[White "Konopka, Michal"]
[Black "Hillermann, Vinzenz"]
[Result "1/2-1/2"]
[WhiteElo "2440"]
[BlackElo "2315"]

1.Nf3 e6 2.c4 d5 3.d4 c6 4.Qc2 f5 5.g3 Bd6 6.Bg2 Nf6 7.O-O O-O 8.Bf4 Bxf4
9.gxf4 Ne4 10.Nbd2 Nd7 11.e3 Kh8 12.b4 Nxd2 13.Nxd2 g5 14.fxg5 Qxg5 15.f4 Qh6
16.Nf3 Nf6 17.Ne5 Ng4 18.Nxg4 fxg4 19.b5 Bd7 20.bxc6 Bxc6 21.Qc3 Rac8 22.e4 Bb5
23.exd5 Bxc4 24.Rf2 exd5 25.f5 Qg5 26.f6 Bf1 27.Qxc8 Rxc8 28.Raxf1 Rf8 29.f7 h5
30.Rf5 Qe3+ 31.Kh1 h4 32.Bxd5 Qxd4 33.Rh5+ Kg7 34.Rff5 Qd1+ 35.Kg2 Qd2+ 36.Kf1 Qxh2
37.Rhg5+ Kh6 38.Rh5+ Kg7 39.Rhg5+  1/2-1/2

[Event "Metz op"]
[Site "Metz"]
[Date "1994.??.??"]
[Round "8"]
[White "Anic, Darko"]
[Black "Bacrot, Etienne"]
[Result "1-0"]
[WhiteElo "2435"]
[BlackElo "2255"]

1.c4 e6 2.Nf3 d5 3.g3 dxc4 4.Bg2 Nd7 5.Qa4 a6 6.Qxc4 c5 7.Qc2 Rb8 8.d4 cxd4
9.Nxd4 e5 10.Nb3 Ngf6 11.O-O Be7 12.Rd1 O-O 13.h3 b6 14.Bg5 Ne8 15.Be3 Nd6
16.Nc3 Nf6 17.Bg5 Bf5 18.e4 Be6 19.f4 Nh5 20.Bxe7 Qxe7 21.Nd5 Bxd5 22.Rxd5 Nxg3
23.Qd3 Nh5 24.Rxd6 Nxf4 25.Qd2 Qg5 26.Kh2 Rbd8 27.Rxd8 Rxd8 28.Qf2 Rd3 29.Rc1 h6
30.Bf1 Qh5 31.Rc3 Rd6 32.Bxa6 Rf6 33.Qf3 Qh4 34.Qg3 Qxg3+ 35.Rxg3 Rc6 36.Re3 Rg6
37.Bf1  1-0

[Event "Minsk op"]
[Site "Minsk"]
[Date "1994.??.??"]
[Round "9"]
[White "Dyachkov, Sergej"]
[Black "Ginsburg, Gennadij"]
[Result "1-0"]
[WhiteElo "2410"]
[BlackElo "2435"]

1.c4 e6 2.Nf3 d5 3.g3 Nf6 4.Bg2 Be7 5.O-O O-O 6.b3 c6 7.Bb2 b5 8.Qc2 Qb6
9.d3 Nbd7 10.Nbd2 a5 11.e4 Ba6 12.e5 Ne8 13.d4 Nc7 14.c5 Qb7 15.b4 axb4 16.Nb3 Qb8
17.Ne1 Bb7 18.Nd3 Ra4 19.f4 Qe8 20.Qe2 f5 21.h3 Qf7 22.g4 g6 23.Bc1 Rfa8
24.Bf3 Ne8 25.Rf2 Ng7 26.Rg2 Nf8 27.Be3 Bc8 28.Bf2 Bd8 29.Bg3 Bd7 30.Qe1 Be8
31.Bd1 Kh8 32.Bh4 fxg4 33.hxg4 g5 34.Bxg5 Bxg5 35.fxg5 Qg6 36.Qe3 Qe4 37.Qf2 Bg6
38.Bc2 Qxd3 39.Bxd3 Bxd3 40.Qf6 Ng6 41.Rf2 R4a7 42.Rd1 Bc4 43.Rdd2 Kg8 44.Qf3 Rd7
45.Qh3 Ra3 46.Rf3 Rda7 47.Qh2 Ne8 48.Rdf2 Ng7 49.Rh3 Ne8 50.Rh6 Bd3 51.Rh3 Bb1
52.Nc1 Rc3 53.Rxc3 bxc3 54.Qh3 b4 55.Nd3 Bxd3 56.Qxd3 Nc7 57.Qb1 Nb5 58.Qxb4 Ra3
59.Qb1 Ra4 60.Qb3 Rxd4 61.a4 Rxg4+ 62.Kf1 Nd4 63.Qb8+ Kg7 64.Qc7+ Kh8 65.Qd8+  1-0

[Event "Mlada Boleslav op"]
[Site "Mlada Boleslav"]
[Date "1994.??.??"]
[Round "7"]
[White "Shalamberidze, Akaki"]
[Black "Bashkov, Viacheslav"]
[Result "1/2-1/2"]
[WhiteElo "2360"]
[BlackElo "2420"]

1.c4 e6 2.Nf3 d5 3.d4 Nf6 4.cxd5 exd5 5.Nc3 c6 6.Bg5 Bf5 7.e3 Be7 8.h3 Ne4
9.Bf4 Nd7 10.Be2 O-O 11.O-O a5 12.Ne1 h6 13.Nd3 Be6 14.Bh2 Bd6 15.Ne5 Nxc3
16.bxc3 Nxe5 17.dxe5 Bc5 18.Bd3 f5 19.a4 Qd7 20.Qe2 Kh8 21.f4 Qe7 22.Kh1 Ba7
23.g4 g6 24.gxf5 Bxf5 25.Bxf5 Rxf5 26.c4 Qc5 27.cxd5 cxd5 28.Qg4 Rg8 29.Rf3 Qc3
30.Qg1 d4 31.Rc1 Qb3 32.Rg3 Qd5+ 33.Qg2 Qxg2+ 34.Kxg2 dxe3 35.Kf3 g5 36.Rg4 Rgf8
37.Rc7 Bb8 38.Rxb7 Bxe5 39.Kxe3 Bxf4+ 40.Bxf4 Rxf4 41.Ra7 Kg8 42.Rxf4 Rxf4
43.Rxa5 Kg7 44.Ra6 Rh4 45.a5 Rxh3+ 46.Ke4 Rh4+ 47.Ke5 Ra4 48.Kf5 Rf4+ 49.Ke5 Rf1
50.Rb6 Ra1 51.Ra6 Rc1 52.Kf5 Rf1+ 53.Ke5 g4 54.Rb6 h5 55.a6 g3 56.a7 Ra1
57.Kf5 Ra5+ 58.Kf4 h4 59.Kg4 Ra4+ 60.Kh3 Rxa7 61.Kxh4 g2 62.Rb1 Rf7  1/2-1/2

[Event "Moscow ol (Men)"]
[Site "Moscow"]
[Date "1994.??.??"]
[Round "1"]
[White "Sunye Neto, Jaime"]
[Black "Abdulghafour, Yousef"]
[Result "1-0"]
[WhiteElo "2535"]
[BlackElo "2180"]

1.c4 e6 2.Nf3 d5 3.g3 Nf6 4.Bg2 c6 5.d4 dxc4 6.O-O Be7 7.Ne5 O-O 8.Nc3 Nbd7
9.Nxc4 a6 10.a3 Nd5 11.Bd2 b5 12.Na5 Qb6 13.Rc1 Bb7 14.Ne4 Rab8 15.b4 Qxd4
16.Nxb7 Rxb7 17.Rxc6 Rb6 18.Rc2 Rbb8 19.Qc1 Ne5 20.Nc3 Nb6 21.Be3 Qg4 22.Ne4 Nec4
23.Bc5 Rfe8 24.Rd1 Na4 25.Bxe7 Rxe7 26.Nc5 Nxc5 27.bxc5 Qf5 28.c6 Rc8 29.Rc3 Ree8
30.Rd7 Qc5 31.Qf4 Rf8 32.h4 Qb6 33.Rb7 Qa5 34.Rf3 e5 35.Qg4 Qe1+ 36.Kh2 Qxe2
37.Rbxf7  1-0

[Event "Moscow ol (Men)"]
[Site "Moscow"]
[Date "1994.??.??"]
[Round "5"]
[White "Markowski, Tomasz"]
[Black "Ilinsky, Vladimir"]
[Result "1/2-1/2"]
[WhiteElo "2475"]
[BlackElo "2355"]

1.c4 e6 2.Nf3 d5 3.b3 c5 4.g3 Nc6 5.Bg2 d4 6.O-O e5 7.d3 Bd6 8.e3 Nge7 9.exd4 exd4
10.Ng5 O-O 11.Ne4 Bf5 12.Nbd2 b6 13.Nxd6 Qxd6 14.Ne4 Qd7 15.Re1 Rae8 16.Bd2 Nc8
17.f4 Nd6 18.Qf3 Nxe4 19.dxe4 Bh3 20.Bh1 Bg4 21.Qd3 f6 22.a3 a5 23.Rab1 Qd6
24.Bg2 Be6 25.h3 Bf7 26.Qf3 Rc8 27.Bf1 Rfe8 28.Bd3 Qc7 29.h4 Qd7 30.g4 Be6
31.g5 Bg4 32.Qg3 f5 33.e5 Nd8 34.b4 axb4 35.axb4 Ne6 36.b5 Ra8 37.Ra1 Qb7
38.Kf2 Rxa1 39.Rxa1 Ra8 40.Rxa8+ Qxa8 41.Qg2 Qxg2+ 42.Kxg2 g6 43.Kf2 Bd1  1/2-1/2

[Event "Moscow ol (Men)"]
[Site "Moscow"]
[Date "1994.??.??"]
[Round "10"]
[White "Arnason, Jon L"]
[Black "Salazar, Hernan"]
[Result "1-0"]
[WhiteElo "2525"]
[BlackElo "2370"]

1.c4 e6 2.Nf3 d5 3.g3 Nf6 4.Bg2 Be7 5.O-O O-O 6.b3 b6 7.Bb2 Bb7 8.e3 Nbd7
9.Qe2 c5 10.d3 Qc7 11.Nc3 Rac8 12.Rac1 Qb8 13.Ne1 Rfe8 14.f4 dxc4 15.bxc4 Bxg2
16.Nxg2 a6 17.e4 Red8 18.a4 Qb7 19.e5 Ne8 20.f5 Nb8 21.fxe6 fxe6 22.Qf2  1-0

[Event "Moscow ol (Women)"]
[Site "Moscow"]
[Date "1994.??.??"]
[Round "10"]
[White "Voiska, Margarita"]
[Black "Hernandez, Yudania"]
[Result "1-0"]
[WhiteElo "2350"]
[BlackElo "2210"]

1.c4 e6 2.Nf3 d5 3.g3 c6 4.b3 Nf6 5.Bg2 Be7 6.Bb2 O-O 7.O-O b5 8.Qc2 Bb7
9.d3 Nbd7 10.Nbd2 Bd6 11.e4 dxe4 12.Nxe4 Be7 13.Rfd1 Rc8 14.Ne5 Nxe5 15.Bxe5 Ng4
16.d4 bxc4 17.bxc4 f5 18.Nc5 Bxc5 19.dxc5 Qa5 20.Bxg7 Kxg7 21.Rd7+ Kg6 22.Rxb7 Qxc5
23.Re1 Rfe8 24.h3 Nf6 25.Qa4 a5 26.h4 e5 27.Qc2 Red8 28.h5+ Kg5 29.Rxe5 Qd6
30.Qxf5+  1-0

[Event "Moscow ol (Men)"]
[Site "Moscow"]
[Date "1994.??.??"]
[Round "11"]
[White "Bogdanovski, Vlatko"]
[Black "Rahman, Ziaur"]
[Result "1-0"]
[WhiteElo "2465"]
[BlackElo "2445"]

1.c4 e6 2.Nf3 d5 3.g3 Nf6 4.Bg2 Be7 5.O-O O-O 6.d4 c6 7.Nc3 b6 8.Ne5 Nfd7
9.cxd5 Nxe5 10.dxe5 exd5 11.Nxd5 Bb7 12.Nxe7+ Qxe7 13.Qd6 Re8 14.Rd1 Nd7
15.Qxe7 Rxe7 16.Bg5 f6 17.exf6 gxf6 18.Bh4 Nf8 19.Bxf6 Rxe2 20.Bf1 Re4 21.Bd3  1-0

[Event "Moscow ol (Men)"]
[Site "Moscow"]
[Date "1994.??.??"]
[Round "12"]
[White "Ftacnik, Lubomir"]
[Black "Godena, Michele"]
[Result "1-0"]
[WhiteElo "2570"]
[BlackElo "2485"]

1.c4 e6 2.Nf3 d5 3.d4 c6 4.Qc2 Nf6 5.g3 Bb4+ 6.Nbd2 O-O 7.a3 Be7 8.Bg2 b6
9.O-O Bb7 10.b4 a5 11.cxd5 cxd5 12.b5 a4 13.Ne5 Ne8 14.e4 Nd6 15.Nc6 Qc7
16.exd5 Nxb5 17.Nxe7+ Qxe7 18.Qd3 Nd6 19.Re1 Ra5 20.Bb2 Rxd5 21.Bc3 Rb5 22.Bb4 Bxg2
23.Qxb5 Bd5 24.Qxd5  1-0

[Event "Moscow ol (Men)"]
[Site "Moscow"]
[Date "1994.??.??"]
[Round "13"]
[White "Gostisa, Leon"]
[Black "Russek, Guil"]
[Result "1/2-1/2"]
[WhiteElo "2420"]
[BlackElo "2340"]

1.Nf3 e6 2.c4 d5 3.g3 Nf6 4.Bg2 Be7 5.O-O O-O 6.d4 c6 7.Qc2 b6 8.b3 a5 9.Nbd2 Bb7
10.Bb2 Na6 11.e4 a4 12.bxa4 Nb4 13.Qb1 Rxa4 14.a3 Na6 15.Qc2 Ra5 16.Ne5 Qa8
17.Qb3 b5 18.cxd5 cxd5 19.exd5 exd5 20.Bc3 Ra4 21.Qxb5 Nc7 22.Qb6 Ne6 23.Rfb1 Nd8
24.Nb3 Ra6 25.Qb5 Rxa3 26.Nc5 Bc6 27.Rxa3 Qxa3 28.Qa5 Qxa5 29.Bxa5 Ba8 30.Ncd7 Nxd7
31.Nxd7 Re8 32.Rb8 Bc6 33.Ne5 Ba4 34.Bxd8 Rxd8 35.Rxd8+ Bxd8 36.Bxd5 Be8
37.Bc6 Kf8 38.Bxe8 Kxe8 39.Kg2 Bb6 40.d5 Bd4 41.Nc4 Ke7 42.Kf3 f5 43.h3 h5
44.Ne3 g6 45.Kf4 Kf6 46.h4 Bc5 47.Kf3 Ke5 48.Ng2 Kf6 49.Nf4 Bd6 50.Nd3 g5
51.hxg5+ Kxg5 52.Kg2 h4 53.f4+ Kh5 54.Ne5 hxg3 55.Kxg3 Bb4 56.Kf3 Bc5 57.Ke2 Ba3
58.Kd2 Kh4 59.Kd3 Kg3  1/2-1/2

[Event "Muenster op"]
[Site "Muenster"]
[Date "1994.??.??"]
[Round "4"]
[White "Bosboom, Manuel"]
[Black "Ruzele, Darius"]
[Result "0-1"]
[WhiteElo "2380"]
[BlackElo "2495"]

1.c4 e6 2.Nf3 d5 3.g3 dxc4 4.Bg2 a6 5.O-O Nf6 6.Qc2 b5 7.Ne5 Nd5 8.Nc3 Bb7
9.a4 Qd6 10.d4 f6 11.Nf3 Nb4 12.Qb1 Qb6 13.e4 Be7 14.Be3 c5 15.b3 N8c6 16.a5 Qa7
17.Rd1 cxd4 18.Nxd4 Nxd4 19.Bxd4 Bc5 20.Bxc5 Qxc5 21.bxc4 Qxc4 22.Rc1 Rc8
23.Bf1 Qd4 24.Qb3 Kf7 25.Rab1 Nd3 26.Bxd3 Qxd3 27.Rd1 Qxc3 28.Rd7+ Kg6 29.Qxe6 Qf3
30.Qf7+ Kh6 31.Qxg7+ Kh5 32.Qf7+ Kh6 33.Rxb7 Qxe4 34.Qxf6+ Kh5 35.Rd1 Rcd8
36.Rxd8 Rxd8 37.Qxd8 Qe1+ 38.Kg2 Qe4+  0-1

[Event "JUG-chT"]
[Site "Nis"]
[Date "1994.??.??"]
[Round "?"]
[White "Jovanovski, Slobodan"]
[Black "Maksimovic, Branimir"]
[Result "0-1"]
[WhiteElo "2145"]
[BlackElo "2370"]

1.c4 e6 2.Nf3 d5 3.b3 Nf6 4.Bb2 c5 5.g3 Nc6 6.Bg2 d4 7.d3 e5 8.O-O Be7 9.Na3 O-O
10.Nc2 Bf5 11.Nd2 Qd7 12.a3 a5 13.Ne4 Nxe4 14.dxe4 Bh3 15.Ne1 a4 16.Nd3 Bxg2
17.Kxg2 f5 18.exf5 e4 19.Nf4 Rxf5 20.Nd5 Rh5 21.Nxe7+ Nxe7 22.h4 Rxh4 23.Rh1 Rxh1
24.Qxh1 axb3 25.Qh4 Qe6 26.Rh1 h6 27.Qh5 Qf5 28.g4 Qxh5 29.Rxh5 b6 30.Rh3 Ra4
31.Rxb3 Nc8 32.Bxd4 cxd4 33.c5 Ra6  0-1

[Event "Orel"]
[Site "Orel"]
[Date "1994.??.??"]
[Round "6"]
[White "Popov, Valerij"]
[Black "Mukhametov, Eldar"]
[Result "1/2-1/2"]
[WhiteElo "2395"]
[BlackElo "2390"]

1.c4 e6 2.Nf3 d5 3.d4 c6 4.Nbd2 dxc4 5.Nxc4 c5 6.e4 cxd4 7.Qxd4 Qxd4 8.Nxd4 Bd7
9.e5 Nc6 10.Nxc6 Bxc6 11.Bd2 Nh6 12.Na5 Ng4 13.Nxc6 bxc6 14.Rc1 Nxe5 15.f4 Ng6
16.Rxc6 Be7 17.Bd3 O-O 18.Ke2 Bf6 19.b4 Ne7 20.Ra6 Nd5 21.Rc1 Bd4 22.b5 Rad8
23.g3 Rd7 24.Rac6 Nb6 25.Rc7 Rd5 26.Rxa7 e5 27.f5 e4 28.Bxe4 Rxb5 29.Rb7 g6
30.fxg6 hxg6 31.Kf3 Ra8 32.Rc2 Ra3+ 33.Kg2 Re5 34.Bf3 Nd5 35.Rb8+ Kg7 36.Bxd5 Rxd5
37.Bb4 Rd3 38.a4 Rd1 39.Rb5 Rd8 40.h4 Rg1+ 41.Kh2 Ra1 42.a5 Bf6 43.Bc5 Rd3
44.Bf2 Rda3 45.Bb6 Rd1 46.Re2 Rdd3 47.Bc5 Ra1 48.Bf2 Rda3 49.Bb6 Rd1 50.h5 gxh5
51.Rxh5 Rdd3 52.Bc5 Ra4 53.Rf5 Bd8 54.Ref2 f6 55.Bb6 Bxb6 56.axb6 Rb4 57.Rxf6 Rdb3
58.Rf7+ Kg6 59.R2f6+ Kg5 60.Rc6 Rxb6 61.Rg7+ Kf5 62.Rc5+ Kf6 63.Rcg5 Rb7
64.R7g6+ Kf7 65.Kh3 R3b6 66.Rg7+ Kf8 67.Rg8+ Kf7 68.Kg4 Rb1 69.Rc8 R1b6 70.Rh8 Rb4+
71.Kh3 R7b5 72.Rh7+ Kf8 73.Rg6 Rb6  1/2-1/2

[Event "Pardubice op"]
[Site "Pardubice"]
[Date "1994.??.??"]
[Round "2"]
[White "Gasthofer, Viktor"]
[Black "Moroz, Alexander"]
[Result "1/2-1/2"]
[WhiteElo "2340"]
[BlackElo "2455"]

1.c4 e6 2.Nf3 d5 3.d4 c6 4.Qc2 Bd6 5.g3 f5 6.Bg2 Nf6 7.O-O O-O 8.Bf4 Bxf4
9.gxf4 Bd7 10.e3 Be8 11.Nbd2 Nbd7 12.cxd5 Nxd5 13.Nc4 Bh5 14.Kh1 Rf6 15.Rg1 Qe7
16.Nce5 Rh6 17.Nxd7 Bxf3 18.Bxf3 Qxd7 19.Rg3 Rf6 20.Rag1 Rf7 21.Qb3 Kh8 22.Qc4 a6
23.Rc1 Rg8 24.Rcg1 Qe7 25.a3 g6 26.b4 Kg7 27.Qc5 Kf6 28.Qxe7+ Rxe7 29.Rc1 h6
30.h4 Reg7 31.Bxd5 exd5 32.Kg2 g5 33.hxg5+ hxg5 34.fxg5+ Rxg5 35.Rxg5 Rxg5+
36.Kf3 Rh5 37.a4 Rh3+ 38.Kf4 Rh4+ 39.Kg3 Re4 40.b5 f4+ 41.Kf3 cxb5 42.axb5 fxe3
43.fxe3 Re6 44.Rh1 Kg6 45.bxa6 bxa6 46.Ra1 Rf6+ 47.Kg4 Rd6 48.Kf4 Kf6 49.Rh1 Ke6
50.e4 dxe4 51.Kxe4 Kd7 52.d5 Rg6 53.Ke5 Rg5+ 54.Kd4 Rg2 55.Rh7+ Kd6 56.Rh6+  1/2-1/2

[Event "Pardubice op"]
[Site "Pardubice"]
[Date "1994.??.??"]
[Round "2"]
[White "Panchenko, Alexander N"]
[Black "Masternak, Grzegorz"]
[Result "1-0"]
[WhiteElo "2475"]
[BlackElo "2345"]

1.c4 e6 2.Nf3 d5 3.g3 Nf6 4.Bg2 Be7 5.O-O O-O 6.b3 a5 7.Nc3 Nbd7 8.Bb2 Nb6
9.d3 a4 10.Rb1 a3 11.Bc1 Bb4 12.Qc2 Qe7 13.Bf4 c6 14.e4 d4 15.Ne2 c5 16.e5 Nfd7
17.Bd2 Bxd2 18.Qxd2 f6 19.exf6 Nxf6 20.b4 e5 21.bxc5 Nbd7 22.Rfe1 Qxc5 23.Nc1 Re8
24.Rb5 Qc7 25.Nb3 Ra6 26.Qb4 b6 27.Nfxd4 Nf8 28.Nf3 e4 29.dxe4 Bd7 30.e5 Ng4
31.Ng5 Nh6 32.Nd4  1-0

[Event "Pardubice op2"]
[Site "Pardubice"]
[Date "1994.??.??"]
[Round "5"]
[White "Velecky, V."]
[Black "Salakhova, Gulnar"]
[Result "0-1"]
[WhiteElo "1900"]
[BlackElo "2025"]

1.c4 e6 2.Nf3 d5 3.g3 Nf6 4.Bg2 c6 5.b3 Qb6 6.e3 Nbd7 7.O-O e5 8.d3 e4 9.dxe4 dxe4
10.Nfd2 Nc5 11.Ba3 Bg4 12.Qc2 Be2 13.Re1 Bd3 14.Qb2 Bd6 15.Nc3 Be5 16.Rad1 O-O
17.Qc1 Bxc3 18.Qxc3 Rfe8 19.Nf1 Rad8 20.h3 Bxf1 21.Bxf1 Nd3 22.Bxd3 exd3
23.Bb2 Qa6 24.Rd2 b5 25.a3 Qc8 26.Kg2 bxc4 27.bxc4 Qf5 28.f3 Rd7 29.e4 Qg6
30.Kh2 Nh5 31.Rg1 f5 32.g4 Nf4 33.gxf5 Qh6 34.Rg3 Ne2 35.Rxd3 Nxc3 36.Rxd7 g6
37.fxg6 hxg6 38.Bxc3 Qf4 39.Kg2 Re6 40.Rg7+ Kf8 41.R7xg6 Rxg6 42.Rxg6 Qc1
43.Bf6 Kf7 44.Rg5 Kxf6 45.h4 Qxc4 46.e5+ Kf7 47.Kg3 c5 48.h5 Qc1 49.f4 c4
50.Kg4 Qd1+ 51.Kf5 Qd7+  0-1

[Event "Pardubice op"]
[Site "Pardubice"]
[Date "1994.??.??"]
[Round "6"]
[White "Panchenko, Alexander N"]
[Black "Zolnierowicz, Krzysztof"]
[Result "1-0"]
[WhiteElo "2475"]
[BlackElo "2360"]

1.c4 e6 2.Nf3 d5 3.g3 Nf6 4.Bg2 Be7 5.O-O O-O 6.b3 c5 7.e3 Nc6 8.Bb2 a5 9.cxd5 exd5
10.d4 cxd4 11.Nxd4 Bg4 12.f3 Bd7 13.Nc3 Re8 14.Rc1 Nxd4 15.Qxd4 Bc6 16.Na4 Bd6
17.Qd3 Be5 18.Bd4 Bxd4 19.Qxd4 Qe7 20.Rfe1 Qb4 21.Nc3 Qxd4 22.exd4 Rxe1+
23.Rxe1 Re8 24.Rxe8+ Nxe8 25.f4 Nc7 26.Kf2 Kf8 27.g4 Ke7 28.Ke3 Kd6 29.f5 f6
30.Bf1 Bd7 31.Kf4 h6 32.h4 Bc6 33.Be2 Bd7 34.g5 hxg5+ 35.hxg5 Be8 36.Kg4 Ke7
37.Bf3 Kd6 38.Ne2 Bc6 39.gxf6 gxf6 40.Kh5 Ke7 41.Nf4 Nb5 42.Bxd5 Bxd5 43.Nxd5+ Kf7
44.Kg4 Nxd4 45.Kf4 Nb5 46.Nb6 Nc3 47.Nc4 a4 48.bxa4 Ke7 49.a5 Nxa2 50.Ke4 Nb4
51.Kd4 Na6 52.Kd5 Kd7 53.Nb6+ Ke7 54.Na4 Nb4+ 55.Kc5 Nc6 56.a6 Kd7 57.Nb6+ Kc7
58.Nd5+ Kb8 59.Kb6  1-0

[Event "Paris op"]
[Site "Paris"]
[Date "1994.??.??"]
[Round "1"]
[White "Gouret, Thierry"]
[Black "Vasconcellos, Jose"]
[Result "1-0"]
[WhiteElo "2280"]
[BlackElo "2210"]

1.Nf3 e6 2.c4 d5 3.d4 Nf6 4.Bg5 Be7 5.e3 O-O 6.Nc3 Ne4 7.Bxe7 Qxe7 8.Bd3 Nxc3
9.bxc3 Nd7 10.cxd5 exd5 11.O-O c5 12.Qa4 c4 13.Bc2 Nf6 14.Rfb1 Ne4 15.Qa5 b6
16.Qxd5 Nxc3 17.Qxa8 Be6 18.Qxf8+ Qxf8 19.Re1 f6 20.e4 Bg4 21.a3 Qd6 22.e5 Qd5
23.Re3 Bxf3 24.gxf3 fxe5 25.dxe5 Qc5 26.e6 Qg5+ 27.Kf1 Nd5 28.Re4 Nf6 29.Rxc4 Kf8
30.Re1 Qh5 31.e7+ Ke8 32.Rc8+ Kd7 33.e8=Q+ Nxe8 34.Rcxe8 Qxf3 35.Ba4+ Kd6
36.Rd8+ Kc7 37.Rd7+  1-0

[Event "Paris op"]
[Site "Paris"]
[Date "1994.??.??"]
[Round "6"]
[White "Manouck, Thierry"]
[Black "Korneev, Oleg"]
[Result "0-1"]
[WhiteElo "2290"]
[BlackElo "2500"]

1.c4 e6 2.Nf3 d5 3.b3 Nf6 4.g3 Be7 5.Bg2 O-O 6.O-O b6 7.Bb2 Bb7 8.e3 Nbd7
9.d3 dxc4 10.bxc4 Nc5 11.Ne5 Bxg2 12.Kxg2 Bd6 13.f4 Ne8 14.d4 Ne4 15.Nc3 N8f6
16.Qd3 Nxc3 17.Bxc3 c5 18.Nc6 Qe8 19.d5 exd5 20.cxd5 Qe4+ 21.Qxe4 Nxe4 22.Be5 f6
23.Kf3 Nd2+ 24.Ke2 Bxe5 25.fxe5 Nxf1 26.e6 Nxh2 27.Rh1 Rfe8 28.Rxh2 Rac8
29.Nxa7 Ra8  0-1

[Event "Passau op"]
[Site "Passau"]
[Date "1994.??.??"]
[Round "?"]
[White "Nedela, Vlastimil"]
[Black "Smagin, Sergey"]
[Result "0-1"]
[WhiteElo "2405"]
[BlackElo "2545"]

1.c4 e6 2.Nf3 d5 3.e3 Nf6 4.Nc3 Nbd7 5.d4 a6 6.b3 b6 7.Bd3 Bb4 8.Bb2 Bb7
9.a3 Bxc3+ 10.Bxc3 Ne4 11.Bb2 O-O 12.O-O f5 13.Qe2 Rf6 14.c5 bxc5 15.dxc5 Rg6
16.Bxe4 fxe4 17.Ne5 Nxe5 18.Bxe5 c6 19.b4 a5 20.a4 axb4 21.Rfb1 Ba6 22.Qd2 h5
23.g3 Qg5 24.Bd6 h4 25.Rxb4 Qf6 26.Re1 e5 27.Qd1 Bc8 28.Qh5 Bf5 29.Reb1 Rh6
30.Rb8+ Kh7 31.Qe8 Rxb8 32.Rxb8 Be6 33.Qh8+ Kg6 34.Qe8+ Bf7 35.Qxe5 Qf3 36.h3 Kh7
37.g4 Rf6 38.Qh2 Qd1+ 39.Kg2 d4 40.g5 Rf5 41.Bf4 d3 42.Qg1 Qxg1+  0-1

[Event "POR-chT"]
[Site "?"]
[Date "1994.??.??"]
[Round "?"]
[White "Spraggett, Kevin"]
[Black "Santos, Carlos P"]
[Result "1-0"]
[WhiteElo "2550"]
[BlackElo "2300"]

1.c4 e6 2.Nf3 d5 3.e3 c6 4.b3 Bd6 5.Bb2 Nf6 6.Nc3 O-O 7.Be2 Nbd7 8.O-O a6
9.d4 b5 10.Qc2 Bb7 11.Rad1 Qb8 12.h3 dxc4 13.bxc4 b4 14.Ne4 Nxe4 15.Qxe4 c5
16.d5 e5 17.Qc2 Qd8 18.e4 a5 19.Nh2 a4 20.a3 Re8 21.Ng4 Nf8 22.f4 Ng6 23.f5 Nf4
24.Rf3 Bc8 25.Bf1 Bd7 26.Re1 h5 27.Nf2 h4 28.Kh2 Rb8 29.axb4 cxb4 30.c5 Qc7
31.c6 Bxf5 32.Qxa4 Bg6 33.Qb3 Ra8 34.Bc4 Ra5 35.Kh1 Rea8 36.Nd3 Bh5 37.Rxf4 exf4
38.e5 Bf8 39.Nxf4 Bg6 40.Nxg6  1-0

[Event "ROM-chT"]
[Site "ROM"]
[Date "1994.??.??"]
[Round "?"]
[White "Breahna, Radu"]
[Black "Manole, Vasile"]
[Result "1-0"]
[WhiteElo "2335"]
[BlackElo "2280"]

1.c4 e6 2.Nf3 d5 3.e3 Nf6 4.b3 c5 5.d3 Nc6 6.a3 Bd6 7.Bb2 O-O 8.Nbd2 b6 9.g3 Bb7
10.Bg2 Qe7 11.O-O Rfd8 12.Qc2 Rac8 13.Rac1 Bb8 14.Rfe1 Rd7 15.d4 dxc4 16.bxc4 Rcd8
17.Nb3 Bd6 18.d5 exd5 19.Bxf6 Qxf6 20.cxd5 Ne7 21.e4 Ng6 22.Nfd2 Be5 23.f4 Bd4+
24.Kh1 Re8 25.e5 Qd8 26.Nxd4 cxd4 27.d6 Bxg2+ 28.Kxg2 f6 29.Qc4+ Kf8 30.Qxd4 Qa8+
31.Kg1 Qd8 32.Nc4 b5 33.e6 bxc4 34.exd7 Qxd7 35.Qxc4  1-0

[Event "San Martin"]
[Site "San Martin"]
[Date "1994.??.??"]
[Round "4"]
[White "Hernandez, Roman"]
[Black "Soppe, Guillermo"]
[Result "1/2-1/2"]
[WhiteElo "2450"]
[BlackElo "2430"]

1.c4 e6 2.Nf3 d5 3.g3 g6 4.Bg2 Bg7 5.d4 Ne7 6.Nc3 Nbc6 7.O-O O-O 8.cxd5 exd5
9.Bg5 h6 10.Bxe7 Nxe7 11.b4 c6 12.Rc1 a6 13.a4 Qd6 14.Qb3 Be6 15.e3 g5 16.b5 a5
17.Ne1 Bf5 18.Qd1 Qg6 19.Qd2 Nc8 20.bxc6 bxc6 21.Nd1 Nb6 22.Nb2 Rfc8 23.Ned3 Bxd3
24.Nxd3 Nc4 25.Qc2 Rab8 26.Rfd1 Bf8 27.Qe2 Re8 28.Rb1 Bg7 29.Rxb8 Rxb8 30.Qg4 f5
31.Qe2 Kh8 32.Rc1 Qe8 33.Qc2 Qe7 34.Qd1 Qc7 35.Bf1 Qe7 36.Qh5 Rg8 37.Rd1 Rb8
38.Qg6 Qf6 39.Qh5 Qe7 40.Qg6 Qf6 41.Qh5 Qe7 42.h4 Kg8 43.hxg5 hxg5 44.Bh3 g4
45.Bg2 Qf7 46.Qg5 Qf6 47.Qf4 Rb7 48.Ne5 Nxe5 49.dxe5 Qxe5 50.Qxe5 Bxe5 51.Rc1  1/2-1/2

[Event "Schweiz op"]
[Site "?"]
[Date "1994.??.??"]
[Round "2"]
[White "Giertz, Niklaus"]
[Black "Haeberli, Juerg"]
[Result "1-0"]
[WhiteElo "2270"]
[BlackElo "2240"]

1.Nf3 e6 2.c4 d5 3.d4 Bd6 4.Nc3 c6 5.e4 dxe4 6.Nxe4 Bc7 7.b3 Nd7 8.Bb2 Ngf6
9.Bd3 Nxe4 10.Bxe4 Nf6 11.Bc2 Ba5+ 12.Nd2 O-O 13.O-O c5 14.Ne4 Nxe4 15.Bxe4 cxd4
16.Qxd4 Qxd4 17.Bxd4 Bc7 18.Rfd1 a5 19.Bc5 Rd8 20.Rxd8+ Bxd8 21.Rd1 Bc7 22.Bd6 Bd8
23.c5 f5 24.Bd3 Kf7 25.Bb5 Be7 26.f4 h6 27.Bxe7 Kxe7 28.Rd6 Rb8 29.Rb6 Ra8
30.Kf2 Kf6 31.Ke3 Ra7 32.Kd4 Ra8 33.Rd6 Rb8 34.g3 Ke7 35.Ke5 g6 36.a3 Ra8
37.Rb6  1-0

[Event "SCO-chT1"]
[Site "?"]
[Date "1994.??.??"]
[Round "?"]
[White "McNab, Colin Anderson"]
[Black "Grant, Jonathan"]
[Result "1/2-1/2"]
[WhiteElo "2460"]
[BlackElo "2255"]

1.c4 e6 2.Nf3 d5 3.b3 c5 4.g3 Nc6 5.Bg2 Nf6 6.O-O Be7 7.e3 d4 8.exd4 cxd4
9.d3 Nd7 10.Na3 e5 11.Nc2 a5 12.Re1 O-O 13.a3 Rb8 14.Rb1 b5 15.Nd2 Qc7 16.cxb5 Rxb5
17.a4 Rb8 18.Nc4 Bb4 19.Nxb4 Nxb4 20.Ba3 Re8 21.f4 Ba6 22.Bxb4 axb4 23.Nxe5 Nxe5
24.Rc1 Qa5 25.fxe5 Rxe5 26.Qg4 Rxe1+ 27.Rxe1 Bxd3 28.Qxd4 Bg6 29.Re5 Qc7
30.Qe3 h5 31.a5 Rd8 32.h4 Rd3 33.Qf4 Qa7+ 34.Kh2 Rxb3 35.Qc4 Rb2 36.Re8+ Kh7
37.Qc8 Be4 38.Rxe4 Qf2 39.Qh3 Rb1 40.Qd7 Rb2 41.Qh3 Rb1 42.Qd7 Rb2  1/2-1/2

[Event "Skei"]
[Site "Skei"]
[Date "1994.??.??"]
[Round "1"]
[White "Bern, Ivar"]
[Black "Gausel, Einar"]
[Result "0-1"]
[WhiteElo "2380"]
[BlackElo "2485"]

1.c4 e6 2.Nf3 d5 3.b3 Nf6 4.g3 Be7 5.Bg2 O-O 6.O-O a5 7.Bb2 a4 8.Na3 c6 9.d3 Nbd7
10.Nc2 Qa5 11.Rb1 Qa6 12.cxd5 cxd5 13.b4 Re8 14.Qd2 Bf8 15.Rfc1 e5 16.Ne3 e4
17.Ng5 h6 18.Nh3 Qb5 19.Bd4 Ne5 20.Bc5 Bxh3 21.Bxh3 exd3 22.Bg2 dxe2 23.Bxf8 Kxf8
24.Re1 Rad8 25.Rxe2 d4 26.Nf1 d3 27.Ree1 Nc4 28.Rxe8+ Qxe8 29.Qc3 b5 30.Nd2 Qe6
31.Nxc4 Qxc4 32.Qd2 Ne4 33.Bxe4 Qxe4 34.Re1 Qd4 35.h4 a3 36.Rd1 Re8 37.Kf1 Qd5
38.Kg1 Qf3 39.Rc1 Re2  0-1

[Event "SLO-ch U18"]
[Site "?"]
[Date "1994.??.??"]
[Round "?"]
[White "Petek, Pavel"]
[Black "Pavasovic, Dusko"]
[Result "0-1"]
[WhiteElo "2105"]
[BlackElo "2250"]

1.c4 e6 2.Nf3 d5 3.g3 Nf6 4.Bg2 dxc4 5.Na3 c5 6.Nxc4 Be7 7.O-O O-O 8.d3 Nbd7
9.Bd2 Nd5 10.Qb3 b6 11.a4 Ba6 12.Rfd1 Rc8 13.Rac1 Nb8 14.d4 cxd4 15.Nxd4 Bc5
16.Be3 Nxe3 17.fxe3 Qg5 18.Nb5 Nc6 19.Rd3 Na5 20.Qa2 Bxe3+ 21.Rxe3 Rxc4 22.Rec3 Bxb5
23.axb5 Rxc3 24.Rxc3 Qxb5 25.Bf3 Rd8 26.Qb1 Nc4 27.Qc2 Qc5+ 28.Kh1 Qf2  0-1